zpět

Detail výsledku týmu

The PUB Praha 6 , Praha

Datum a čas kvízu

33.5 Celkem bodů Celkový počet nahraných bodů na tomto kvízu bez doplňovacích otázek.
2. Pořadí na kvízu Konečné umístění týmu na tomto kvízu.

Zaznamenané odpovědi

# Otázka Odpověď Body Výsledky
1. V ostravské zoologické zahradě... o mývaly severní 1
2. Na fotografii vidíte uvíznutéh... Německa 1
3. První ukázku ze své novinky po... Pět švestek 0
4. Společnost Allwyn AG vstoupila... Karel Komárek 1
5. Po 33 letech se do České repub... Kaori Sakamoto; Ilia Malinin 0.5
6. „Na kterém z havajských ostrov... B 0
7. AZ Kvíz se na obrazovkách obje... 1 100 Kč 1
8. Doplňte tři slova do sloganu s... který vám zaplatí 0
9. Pod kterým názvem jsme mohli z... Rejžuj! 0
10. Kdo byl moderátorem soutěže, j... Marek Eben, Valtice 1